Biggest Cities by Ending - Statistics

General Stats
  • This quiz has been taken 599 times
  • The average score is 7 of 20
Answer Stats
Ends In Population City % Correct
City 22.8 mil Mexico City
78%
Abad 9.85 mil Hyderabad
74%
Grad 1.41 mil Volgograd
61%
Dam 3.22 mil Rotterdam
58%
Burg 13.7 mil Johannesburg
56%
Kent 3.17 mil Tashkent
48%
Town 4.17 mil Cape Town
44%
Ville 2.17 mil Brazzaville
42%
Sk 2.00 mil Minsk
40%
Ing 20.4 mil Beijing
39%
Polis 3.15 mil Minneapolis
39%
Yang 7.90 mil Shenyang
39%
Ham 3.12 mil Birmingham
32%
Ming 4.05 mil Kunming
30%
Chang 3.82 mil Nanchang
17%
Mond 1.06 mil Richmond
15%
X 4.57 mil Phoenix
10%
Ey 5.20 mil Sydney
9%
Pur 8.70 mil Kuala Lumpur
7%
Land 3.07 mil Cleveland
5%
No matching quizzes found
Score Distribution
Percent of People with Each Score
Percentile by Number Answered
Your Score History
You have not taken this quiz